000 00881nab a2200253 u 4500
001 17170
003 HDC
007 cr bn ---aaaaa
008 210223c |r|noo 0 a d
040 _aHDC
100 _aManik Mehta,
_eauthor
_916689
245 0 _aGerman expert lauds Malaysia's pioneering work in halal food processing, certification /
_cby Manik Mehta
260 _aBrunei :
_bBrunei Times PLC,
_c2010
336 _atext
_2rdacontent
337 _acomputer
_2rdamedia
338 _aonline resource
_2rdacarrier
650 _aHalal certificate
_9482
650 _aHalal food processing
_94796
710 _aThe Brunei Times
856 _zRequest full-text at [email protected]
942 _2lcc
942 _cNEWS
942 _kNWSO 009328
999 _c14486
_d14486